000
00243nam a22000977a 4500
999
_c
16164
_d
16164
003
OSt
008
200611b ||||| |||| 00| 0 eng d
100
_a
Priestly, J B.
_9
4586
245
_a
Plays, Vol 2 / J B Priestly. Textual Documents
942
_c
BK